000 00623nam a2200229Ia 4500
003 OSt
005 20221005083114.0
006 a|||||r|||| 00| 0
007 ta
008 221004b |||||||| |||| 00| 0 eng d
024 _a65147
037 _cTextual
040 _aCRL
_cCRL
_beng
041 _2eng
_aeng
082 _aV275y7N14,1, N7,1
100 _aBasu Jyoti
_9612363
245 0 _aWith the people
_b A political memoir tr by Surabhi Banerjee
260 _aNew Delhi
_bUBS
_c1997
650 _aHISTORY
942 _hV275y7N14,1, N7,1
_cTEXL
_2cc
999 _c990333
_d990333